000 00728nam a2200265Ia 4500
001 4791
005 20240113233759.0
007 ta
008 050615s1984 g b000 u asm u
020 _cRs. 12.00 (HB)
040 _aCotton College,Assam
041 _aasm
082 _a891.41408
_bCh 455 Un
100 _aChaudhury, Prasenjit .
245 0 _aUnabingsha Satikar Asamat Ebhumukhi /
_cPrasenjit Chaudhury.
_hTextual Documents
250 _a1st ed. /
260 _aGuwahati :
_bChetana Prakash ,
_c1984.
300 _a118p. ;
_c21cm.
365 _aRs. 12.00
653 _aAssamese Essays-Collections
653 _aPG-Assamese
942 _2ddc
_cBK
999 _c4778
_d4778